|
|
|
|
| LEADER |
00000nam0a2200000 4500 |
| 001 |
48675 |
| 005 |
20231031032106.0 |
| 010 |
|
|
|a 5845902932
|
| 035 |
|
|
|a (RuTPU)RU\TPU\book\50976
|
| 090 |
|
|
|a 48675
|
| 100 |
|
|
|a 20030320d2002 km y0rusy50 ca
|
| 101 |
1 |
|
|a rus
|c eng
|
| 102 |
|
|
|a RU
|
| 105 |
|
|
|a a z 001zy
|
| 200 |
1 |
|
|a Маркетинговые каналы
|e пер. с англ.
|f Л. В. Штерн, А. И. Эль-Ансари, Э. Т. Кофлан
|
| 205 |
|
|
|a 5-е изд.
|
| 210 |
|
|
|a Москва
|c Вильямс
|d 2002
|
| 215 |
|
|
|a 624 с.
|c ил.
|
| 320 |
|
|
|a Предм. указ.: с. 609-621.
|
| 610 |
1 |
|
|a экономика
|
| 610 |
1 |
|
|a маркетинг
|
| 610 |
1 |
|
|a маркетинговые коммуникации
|
| 610 |
1 |
|
|a маркетинговые каналы
|
| 610 |
1 |
|
|a торговля
|
| 610 |
1 |
|
|a розничная торговля
|
| 610 |
1 |
|
|a оптовая торговля
|
| 610 |
1 |
|
|a распределительная логистика
|
| 610 |
1 |
|
|a управление
|
| 610 |
1 |
|
|a планирование
|
| 610 |
1 |
|
|a информационные системы
|
| 610 |
1 |
|
|a международные проблемы
|
| 686 |
|
|
|a У821.4
|v LBC/SL-A
|2 rubbk
|
| 700 |
|
1 |
|a Штерн
|b Л. В.
|g Луис В.
|
| 701 |
|
1 |
|a Эль-Ансари
|b А. И.
|g Адель И.
|
| 701 |
|
1 |
|a Кофлан
|b Э. Т.
|g Энн Т.
|
| 801 |
|
1 |
|a RU
|b 63413507
|c 20030320
|g PSBO
|
| 801 |
|
2 |
|a RU
|b 63413507
|c 20120615
|g PSBO
|
| 942 |
|
|
|c BK
|